000
00336nam a2200145Ia 4500
005
20250313124948.0
008
240331s9999 xx 000 0 und d
082
_b
DAN
_a
894
100
_a
Daniel, K
245
0
_a
Kovinthan
260
_a
Chennai
_b
Allaikal Publishers
_c
1993
300
_a
208 p.,
500
_a
A Love Novel
942
_c
L
999
_c
3990
_d
3990